今年の漢字 - Statistics

General Stats
  • This quiz has been taken 996 times
    921 since last reset
  • The average score is 9 of 28
Answer Stats
年代 % Correct
2000
94%
2012
94%
2016
94%
2021
94%
2004
48%
2018
48%
1995
44%
2014
39%
2020
37%
2011
32%
2001
31%
2022
31%
2009
28%
2019
26%
2013
24%
2017
22%
2003
19%
2005
19%
2015
18%
1998
17%
2008
17%
2010
15%
1999
12%
1996
10%
2006
10%
2007
10%
2002
8%
1997
6%
No matching quizzes found
Score Distribution
Percent of People with Each Score
Percentile by Number Answered
Your Score History
You have not taken this quiz since the last reset